000 00490nam a2200181Ia 4500
008 090123s9999 xx 000 0 und d
082 _b20340
_a891.463/थोरे
100 _aथोरे अशोक
245 _aईनामी
250 _a1
260 _bआशिष प्रकाशन
_c1989
300 _a200
600 _aथोरे अशोक
630 _aईनामी
700 _aथोरे अशोक
730 _aईनामी
942 _cBOOK
999 _c58412
_d58412